00669nam a2200157Ia 4500008004100000020002200041100002200063245008300085260005700168300004600225500005100271650003500322650001300357999001900370952012200389200226s9999 xx 000 0 und d a978-81-7391-656-x aSharma, Shashi P. cShashi P. Sharma.--aTourism education :bprinciples, theories and practices / aNew Delhi :bKanishka Publishers, Distributorsc2017 axii , 348 pages :billustration ;c21 cm. aIncludes bibliographical references and index. aTourism -- study and teaching. aTourism. c362972d362972 001040aCLbCLcRESd2020-02-26eLibrary Fundl0oG 155.8.I4 Sh531 2017pC22071r2020-06-19 00:00:00w2020-02-26yBK